|
|
|
|
| LEADER |
01047nam a2200301 a 4500 |
| 001 |
000479969 |
| 003 |
CZ BrMZK |
| 005 |
20071217114901.0 |
| 007 |
ta |
| 008 |
010907s2000 xr g f cze d |
| 015 |
|
|
|a cnb000967493
|
| 020 |
|
|
|a 80-7202-641-0
|
| 035 |
|
|
|a (OCoLC)45034564
|
| 040 |
|
|
|a BOA001
|b cze
|
| 072 |
|
7 |
|a 821.112.2-3
|x Německá próza, německy psaná
|2 Konspekt
|9 25
|
| 080 |
|
|
|a 821.112.2(436)-31
|2 MRF
|
| 080 |
|
|
|a (0:82-31)
|2 MRF
|
| 100 |
1 |
|
|a Simmel, Johannes Mario,
|d 1924-2009
|7 jn20000605033
|4 aut
|
| 245 |
1 |
0 |
|a Láska je poslední most /
|c Johannes Mario Simmel ; [z němčiny přeložila Ivana Vízdalová]
|
| 250 |
|
|
|a Vyd. 1.
|
| 260 |
|
|
|a Praha :
|b Ikar,
|c 2000
|
| 300 |
|
|
|a 461 s. ;
|c 21 cm
|
| 655 |
|
7 |
|a rakouské romány
|7 fd133222
|2 czenas
|
| 700 |
1 |
|
|a Führmann Vízdalová, Ivana,
|d 1953-
|7 jn20000807018
|4 trl
|
| 765 |
0 |
|
|t Liebe ist die letzte Brücke
|
| 910 |
|
|
|a BOA001
|b 2-1073.486
|
| 990 |
|
|
|a BK
|
| 996 |
6 |
|
|b 2610116046
|c 2-1073.486
|l MZK
|r Sklad / do 1 hodiny
|n 11
|p p.v.
|w 000479969
|u 000010
|a 1
|e BOA001
|j MZK50
|s P
|